| 000 | 01055nam a22002775i 4500 | ||
|---|---|---|---|
| 001 | 167745 | ||
| 003 | ES-MaACL | ||
| 005 | 20250729063240.0 | ||
| 008 | 991221s1876 fr |||| | fre d | ||
| 040 |
_aM-RACE _bspa _cM-RACE _dCCPB | B |
||
| 100 | 1 |
_aVogel, Hermann Wilhelm, _d1834-1898 _eaut _9133820 |
|
| 245 | 1 | 3 |
_aLa photographie et la chimie de la lumière / _cpar H. Vogel |
| 260 |
_aParis : _bLibrairie Germer Baillière et Cª, _c1876 |
||
| 300 |
_a223 páginas : _bilustraciones ; _c22 cm |
||
| 490 | 1 | _aBiblioteca científica internacional | |
| 500 | _aÍndices | ||
| 530 | _aDisponible en formato digital | ||
| 650 | 7 |
_aFotografía _2embne _912943 |
|
| 650 | 7 |
_aFotoquímica _2embne _9241421 |
|
| 830 | 0 |
_9234654 _aBiblioteca científica internacional |
|
| 852 |
_aES-MaACL _cSPP2 _jF-14453 _xTela |
||
| 856 |
_uhttps://gallica.bnf.fr/ark:/12148/bpt6k1091103j _yVersión en línea _z(Gallica. Bibliothèque nationale de France) |
||
| 942 |
_2udc _cMONANT _n0 |
||
| 999 |
_c167745 _d167745 |
||